UEFA Euro 2020 Results - Statistics

General Stats
  • This quiz has been taken 8,031 times
  • The average score is 21 of 24
Answers on the Map
Answers color-coded by a green-red scale on the quiz's map according to % correct below.
 
Answer Stats
Answer % Correct
England
99%
Italy
99%
France
97%
Spain
96%
Portugal
95%
Germany
94%
Belgium
92%
Denmark
91%
Switzerland
91%
Croatia
88%
Sweden
88%
Netherlands
87%
Ukraine
85%
Hungary
83%
Turkey
82%
Wales
82%
Austria
81%
Russia
81%
Poland
79%
Scotland
79%
Czech Republic
77%
Finland
75%
Slovakia
74%
North Macedonia
62%
No matching quizzes found
Score Distribution
Percent of People with Each Score
Percentile by Number Answered
Your Score History
You have not taken this quiz